Rojacho novro. (Record no. 98661)
[ view plain ]
| 000 -LEADER | |
|---|---|
| fixed length control field | 00490nam a2200193Ia 4500 |
| 003 - CONTROL NUMBER IDENTIFIER | |
| control field | OSt |
| 005 - DATE AND TIME OF LATEST TRANSACTION | |
| control field | 20240212113748.0 |
| 008 - FIXED-LENGTH DATA ELEMENTS--GENERAL INFORMATION | |
| fixed length control field | 210210b1987 xxu||||| |||| 00| 0 eng d |
| 040 ## - CATALOGING SOURCE | |
| Transcribing agency | AL |
| 041 ## - LANGUAGE CODE | |
| Language code of text/sound track or separate title | Konkani |
| 082 ## - DEWEY DECIMAL CLASSIFICATION NUMBER | |
| Classification number | 891.463 KARR |
| 100 ## - MAIN ENTRY--PERSONAL NAME | |
| Personal name | KARDOJA (Hilari). |
| 9 (RLIN) | 150524 |
| 245 ## - TITLE STATEMENT | |
| Title | Rojacho novro. |
| Remainder of title | ರೋಜಾಚೊ ನೊವ್ರೋ |
| 260 ## - PUBLICATION, DISTRIBUTION, ETC. | |
| Place of publication, distribution, etc. | Manglur. |
| Name of publisher, distributor, etc. | Sevak Prakashan |
| Date of publication, distribution, etc. | 1987 |
| 300 ## - PHYSICAL DESCRIPTION | |
| Extent | 99 |
| 690 ## - LOCAL SUBJECT ADDED ENTRY--TOPICAL TERM (OCLC, RLIN) | |
| Topical term or geographic name as entry element | Konkani Fiction |
| 9 (RLIN) | 150525 |
| 906 ## - LOCAL DATA ELEMENT F, LDF (RLIN) | |
| a | 050125 |
| 942 ## - ADDED ENTRY ELEMENTS (KOHA) | |
| Source of classification or shelving scheme | Dewey Decimal Classification |
| Koha item type | Book |
| Withdrawn status | Lost status | Source of classification or shelving scheme | Damaged status | Not for loan | Collection code | Home library | Current library | Shelving location | Date acquired | Cost, normal purchase price | Total Checkouts | Full call number | Barcode | Date last seen | Price effective from | Koha item type | Date last checked out |
|---|---|---|---|---|---|---|---|---|---|---|---|---|---|---|---|---|---|
| Dewey Decimal Classification | Konkani | St Aloysius Library | St Aloysius Library | 02/17/2021 | 10.00 | 891.463 KARR | 050125 | 02/17/2021 | 02/17/2021 | Book | |||||||
| Dewey Decimal Classification | Konkani | St Aloysius Library | St Aloysius Library | Secondary stack section | 02/17/2021 | 10.00 | 1 | 891.463 KARR | 050124 | 02/17/2026 | 02/17/2021 | Book | 02/11/2026 |